| 000 | 00496nam a2200169Ia 4500 | ||
|---|---|---|---|
| 005 | 20250423100953.0 | ||
| 008 | 250422s9999 xx 000 0 und d | ||
| 020 | _a9789789144617 | ||
| 050 | _aBX 7327 .A34/ | ||
| 100 | _aAkeredolu-Ale, Ekundayo O. | ||
| 245 | 0 | _aSoul of religion: interfaith essays in search of illumination on the way of peace and human salvation | |
| 260 | _aIbadan | ||
| 260 | _bGood works Interfaith Movement (GIM) | ||
| 260 | _c2011 | ||
| 300 | _a580 p | ||
| 942 | _cBK | ||
| 999 |
_c34898 _d34898 |
||